World - Map Quiz - Statistics

General Stats
  • This quiz has been taken 35 times
  • The average score is 75 of 196
Answers on the Map
Answers color-coded by a green-red scale on the quiz's map according to % correct below.
 
Answer Stats
Answer % Correct
Algeria
70%
Australia
70%
United States
70%
Canada
65%
Russia
65%
Afghanistan
61%
Albania
61%
China
61%
India
61%
Italy
61%
Libya
61%
Pakistan
61%
Saudi-Arabia
61%
South Korea
61%
Spain
61%
Argentina
57%
Austria
57%
Colombia
57%
Egypt
57%
Iceland
57%
Ivory Coast
57%
Madagascar
57%
New Zealand
57%
Norway
57%
South Africa
57%
Sweden
57%
Ukraine
57%
United Kingdom
57%
Angola
52%
Bangladesh
52%
Belgium
52%
Brazil
52%
Chile
52%
Cyprus
52%
Finland
52%
France
52%
Indonesia
52%
Ireland
52%
Japan
52%
Mexico
52%
Mongolia
52%
Morocco
52%
North Korea
52%
Oman
52%
Portugal
52%
South Sudan
52%
Tunisia
52%
Turkey
52%
Bahamas
48%
Cuba
48%
Czechia
48%
Denmark
48%
Germany
48%
Greece
48%
Iran
48%
Jordan
48%
Kazakhstan
48%
Latvia
48%
Malawi
48%
Maldives
48%
Romania
48%
Sri Lanka
48%
Sudan
48%
Switzerland
48%
Thailand
48%
United Arab Emirates
48%
Venezuela
48%
Yemen
48%
Belarus
43%
Bolivia
43%
Bosnia and Herzegovina
43%
Central African Republic
43%
D.R. Congo
43%
Ecuador
43%
Estonia
43%
Jamaica
43%
Lesotho
43%
Malta
43%
Myanmar
43%
Nepal
43%
Netherlands
43%
Nigeria
43%
Panama
43%
Papua New Guinea
43%
São Tomé and Príncipe
43%
Suriname
43%
Syria
43%
Belize
39%
Benin
39%
Bulgaria
39%
Cape Verde
39%
Croatia
39%
Djibouti
39%
Gabon
39%
Guyana
39%
Hungary
39%
Iraq
39%
Kenya
39%
Laos
39%
Lithuania
39%
Mauritania
39%
Mozambique
39%
Paraguay
39%
Peru
39%
Poland
39%
Slovakia
39%
Somalia
39%
Uruguay
39%
Vietnam
39%
Zambia
39%
Bhutan
35%
Cambodia
35%
Chad
35%
Comoros
35%
Costa Rica
35%
Equatorial Guinea
35%
Eswatini
35%
Ethiopia
35%
Israel
35%
Kosovo
35%
Kuwait
35%
Luxembourg
35%
Mali
35%
Moldova
35%
Montenegro
35%
Namibia
35%
North Macedonia
35%
Philippines
35%
Serbia
35%
Seychelles
35%
Slovenia
35%
Uganda
35%
Azerbaijan
30%
Botswana
30%
Dominican Republic
30%
East Timor
30%
Eritrea
30%
Georgia
30%
Guinea-Bissau
30%
Haiti
30%
Lebanon
30%
Liberia
30%
Malaysia
30%
Mauritius
30%
Niger
30%
Qatar
30%
Senegal
30%
Sierra Leone
30%
Taiwan
30%
Tanzania
30%
Turkmenistan
30%
Uzbekistan
30%
Armenia
26%
Cameroon
26%
El Salvador
26%
Gambia
26%
Ghana
26%
Guatemala
26%
Honduras
26%
Kiribati
26%
Kyrgyzstan
26%
Micronesia
26%
R. Congo
26%
Tajikistan
26%
Togo
26%
Zimbabwe
26%
Andorra
22%
Burkina Faso
22%
Burundi
22%
Fiji
22%
Nicaragua
22%
Rwanda
22%
San Marino
22%
Tuvalu
22%
Bahrain
17%
Brunei
17%
Guinea
17%
Palau
17%
Liechtenstein
13%
Singapore
13%
Solomon Islands
13%
Tonga
13%
Vanuatu
13%
Monaco
9%
Nauru
9%
Samoa
9%
Trinidad and Tobago
9%
Vatican City
9%
Marshall Islands
4%
Saint Kitts and Nevis
4%
Saint Vincent and the Grenadines
4%
Antigua and Barbuda
0%
Barbados
0%
Dominica
0%
Grenada
0%
Saint Lucia
0%
No matching quizzes found
Score Distribution
Percent of People with Each Score
Percentile by Number Answered
Your Score History
You have not taken this quiz